| 000 | 01136nam a2200277 i 4500 | ||
|---|---|---|---|
| 001 | 47733 | ||
| 003 | ES-MaACL | ||
| 005 | 20250821111320.0 | ||
| 007 | t| | ||
| 008 | 030521s2002 sp ||||0| spa | ||
| 020 | _a84-9718-063-1 | ||
| 080 | _a001(460)(091) | ||
| 080 | _a62/69(460)(091) | ||
| 245 | 0 | 0 |
_aHistoria de la ciencia y de la técnica en la Corona de Castilla / _cLuis García Ballester, dir. ; Marcelino Amasuno Sárraga ... [et al.]. |
| 260 |
_a[Valladolid] : _bConsejería de Educación y Cultura, _c2002. |
||
| 300 |
_a4 v. : _bil. col. ; _c29 cm. |
||
| 505 | 8 | _aContiene: 1-2. Edad Media (936 ; 790 p.) - 3. Siglos XVI y XVII / José María López Piñero, dir. (719 p.) - 4. Siglo XVIII / José Luis Peset Reig, dir. (861 p.) | |
| 650 | 4 |
_aCiencia- _zCastilla (Reino) _910936 |
|
| 650 | 4 |
_aTecnología- _zCastilla (Reino)- _vHistoria. _917401 |
|
| 700 | 1 |
_aGarcía Ballester, Luis, _d1936-2000 _954214 |
|
| 700 | 1 |
_aAmasuno, Marcelino V. _921127 |
|
| 700 | 1 |
_aLópez Piñero, José María. _973895 |
|
| 700 | 1 |
_aPeset, José Luis. _991433 |
|
| 852 | 4 |
_aES-MaACL _jL-26320-23 |
|
| 999 |
_c47733 _d47733 |
||